Sócrates está enamorado : (Registro nro. 4033)
[ vista simple ]
| 000 -LEADER | |
|---|---|
| fixed length control field | 00936nam a2200229Ia 4500 |
| 003 - CONTROL NUMBER IDENTIFIER | |
| control field | OSt |
| 005 - DATE AND TIME OF LATEST TRANSACTION | |
| control field | 20250801145238.0 |
| 008 - FIXED-LENGTH DATA ELEMENTS--GENERAL INFORMATION | |
| fixed length control field | 191128t2013 ck a jr 000 j spa d |
| 020 ## - INTERNATIONAL STANDARD BOOK NUMBER | |
| International Standard Book Number | 9789583040801 |
| 040 ## - CATALOGING SOURCE | |
| Original cataloging agency | CO-JMCR |
| Transcribing agency | CO-JMCR |
| 041 0# - LANGUAGE CODE | |
| Language code of text/sound track or separate title | spa |
| 082 04 - DEWEY DECIMAL CLASSIFICATION NUMBER | |
| Classification number | J-C |
| Item number | MOKs |
| 100 ## - MAIN ENTRY--PERSONAL NAME | |
| Personal name | Mokaddem, Salim, |
| Relator term | autor |
| 9 (RLIN) | 4165 |
| 245 10 - TITLE STATEMENT | |
| Title | Sócrates está enamorado : |
| Remainder of title | a partir de El banquete de Platón / |
| Statement of responsibility, etc. | Salim Mokaddem; ilustraciones Yann Le bras |
| 250 ## - EDITION STATEMENT | |
| Edition statement | Primera edición |
| 260 ## - PUBLICATION, DISTRIBUTION, ETC. | |
| Place of publication, distribution, etc. | Bogotá : |
| Name of publisher, distributor, etc. | Panamericana, |
| Date of publication, distribution, etc. | ©2013 |
| 300 ## - PHYSICAL DESCRIPTION | |
| Extent | 63 páginas : |
| Other physical details | ilustraciones a color ; |
| Dimensions | 21 cm. |
| 520 ## - SUMMARY, ETC. | |
| Summary, etc. | Esta noche, los más brillantes oradores de Atenas se reúnen para un banquete. Allá esrán el poeta Aristófanes, el médico Erixímaco, el artista Fedro y, por supuesto, Sócrates, el filosofo malicioso. Una profunda |
| 650 ## - SUBJECT ADDED ENTRY--TOPICAL TERM | |
| Topical term or geographic name entry element | Cuentos juveniles |
| 9 (RLIN) | 607 |
| 700 ## - ADDED ENTRY--PERSONAL NAME | |
| Personal name | Le Brass, Yann, |
| Relator term | ilustrador |
| 9 (RLIN) | 4166 |
| 942 ## - ADDED ENTRY ELEMENTS (KOHA) | |
| Source of classification or shelving scheme | Dewey Decimal Classification |
| Koha item type | Books |
| Withdrawn status | Lost status | Source of classification or shelving scheme | Damaged status | Not for loan | Collection code | Home library | Current library | Date acquired | Source of acquisition | Cost, normal purchase price | Total Checkouts | Full call number | Barcode | Date last seen | Date last checked out | Copy number | Koha item type |
|---|---|---|---|---|---|---|---|---|---|---|---|---|---|---|---|---|---|
| Dewey Decimal Classification | Fiction | Biblioteca Pública José María del Castillo y Rada | Biblioteca Pública José María del Castillo y Rada | 11/28/2019 | Donación | 0.00 | 1 | J-C MOKs | 201808828 | 05/08/2025 | 05/08/2025 | Ej.1 | Books |